000 00305nam a2200133Ia 4500
008 190216s9999||||xx |||||||||||||| ||und||
100 _aRajam. J.B
245 2 _aA Text Book Of Heat For Degree Students
250 _a8th Ed.
260 _bNull
_c1970
300 _a576
650 _aPhysics
942 _cBK
999 _c32778
_d32778